000 00684nam a2200241 a 4500
005 20200104041508.0
008 140220b1994 ck ||||| |||| 00| 0 spa d
040 _aCO-BoIAVH
_cCO-BoIAVH
041 _aspa
044 _ack
090 _aLB
_b00255
100 _aRangel Ch., J. Orlando
_942600
245 _aCaracterísticas de la textura foliar en gradientes montañosos de Colombia
260 _aBogotá
_bICN
_c1994?
300 _a77 p.
650 _aVegetación
_942601
650 _aBotánica
_9361
650 _aProtección
_942603
650 _aConsistencia
_942604
662 _aColombia
_cCordillera de Los Andes
700 _aTafur, Esperanza
_97152
942 _cINFORME
_2z
999 _c275
_d275